[Event "ICS rated blitz match"]
[Site "207.99.83.227"]
[Date "1999.03.26"]
[Round "?"]
[White "Hossa"]
[Black "Speedy"]
[Result "0-1"]
[WhiteElo "2499"]
[BlackElo "2250"]
[Annotator "Crafty v16.6"]
[PlyCount "85"]

{annotating for player Hossa using a scoring margin of +0.10 pawns. search
time limit is 12.00} 1. e4 1... c5 2. Bc4 a6 3. Nc3 b5 4. Bxf7+ Kxf7 5. Qh5+ g6
6. Qd5+ e6 7. Qxa8 Nc6 8. Nf3 Qc7 9. d3 b4 10. Ne2 ({8:+2.53} 10. Ne2 10... Bd6
11. e5 Nxe5 12. Bf4 Nxf3+ 13. Qxf3 Bxf4 14. Nxf4 Qe5+ 15. Ne2+ Qf6 16. Qf4 Qxf4
17. Nxf4 $18) ({8:+2.91} 10. Na4 10... Bd6 11. Ng5+ Ke7 12. e5 Nxe5 13. Ne4 Nf6
14. Bh6 $18) 10... h6 11. Bf4 d6 12. Be5 ({8:-0.81} 12. Be5 12... Nxe5 13.
Nxe5+ dxe5 14. O-O Qb7 15. Qxb7+ Bxb7 16. a3 bxa3 17. Rxa3 17... Nf6 $17) ({
8:-0.05} 12. Nh4 12... Bb7 13. Qxf8+ Kxf8 14. Nxg6+ Kg7 15. Nxh8 Kxh8 16. O-O-O
b3 17. cxb3 $10) 12... Nxe5 13. Nxe5+ dxe5 14. O-O-O ({9:-4.45} 14. O-O-O 14...
Bb7 15. Qa7 Ne7 16. Nd4 exd4 17. f4 Qxf4+ 18. Kb1 18... Qc7 $19) ({9:-1.28} 14.
h3 $17) 14... Bd6 15. h4 ({9:-4.52} 15. h4 15... Bb7 16. Qa7 Nf6 17. h5 Ra8 18.
hxg6+ Kxg6 19. Qxa8 Bxa8 20. Rh4 $19) ({9:-2.16} 15. Rde1 15... c4 16. d4 exd4
17. Nxd4 Bb7 18. Qa7 Bc5 19. Nxe6 19... Kxe6 $19) 15... Nf6 16. Rh3 Kg7 17. Rg3
Rf8 18. h5 Nxh5 19. Rf3 Rxf3 20. gxf3 g5 21. Rh1 Nf6 22. Rh3 Bb7 23. Qa7 Nd7
24. Rh5 Qc6 25. f4 Bb8 26. Qxb8 Nxb8 27. fxg5 hxg5 28. Rxg5+ Kf6 29. Rg8 Nd7
30. Ng3 c4 31. Nh5+ Ke7 32. Rg7+ Kd6 33. Kb1 b3 34. axb3 cxd3 35. cxd3 Nc5 36.
Nf6 Nxd3 37. Rd7+ Qxd7 38. Nxd7 Kxd7 39. f3 Ne1 40. Ka2 Nxf3 41. Ka3 Nd4 42.
Kb4 Bxe4 43. Kc3 0-1

[Event "ICS Rated blitz match"]
[Site "207.99.83.227"]
[Date "1999.03.26"]
[Round "?"]
[White "Hossa"]
[Black "rajah"]
[Result "1/2-1/2"]
[WhiteElo "2489"]
[BlackElo "2452"]
[PlyCount "93"]

1. e4 d5 2. exd5 Qxd5 3. Nc3 Qa5 4. Nf3 Nf6 5. Bc4 e6 6. d4 Bb4 7. Bd2 Nbd7 8.
a3 Bxc3 9. Bxc3 Qf5 10. O-O Ne4 11. Bd3 Nxc3 12. Qe1 Ne4 13. Bxe4 Qf4 14. Qe3
Qxe3 15. fxe3 Nf6 16. Bd3 Bd7 17. e4 O-O 18. Ng5 h6 19. e5 Nd5 20. Nh7 Rfd8 21.
g4 Ne3 22. Rf4 Bc6 23. c3 Ng2 24. Rf2 Nh4 25. Raf1 Ng6 26. Rxf7 Kxh7 27. h4 Be8
28. Rf8 Bb5 29. Rxd8 Rxd8 30. Bxb5 Nxh4 31. Bc4 c5 32. dxc5 Ng6 33. Bxe6 Nxe5
34. Rf5 Rd1+ 35. Kg2 Rd2+ 36. Rf2 Rxf2+ 37. Kxf2 Nd3+ 38. Ke3 Nxc5 39. Bd5 b6
40. c4 Kg6 41. Bc6 Kg5 42. b4 Ne6 43. Bd5 Nf4 44. Bf3 Ne6 45. Bd5 Nf4 46. Bf3
Ne6 47. Bd5 {Game drawn by repetition} 1/2-1/2

[Event "ICS rated blitz match"]
[Site "207.99.83.227"]
[Date "1999.03.26"]
[Round "?"]
[White "JudgeTurpin"]
[Black "Hossa"]
[Result "1-0"]
[WhiteElo "2517"]
[BlackElo "2487"]
[PlyCount "49"]

1. d4 Nf6 2. c4 g6 3. Nc3 Bg7 4. e4 d6 5. f4 O-O 6. Nf3 Bg4 7. Be2 c5 8. d5 e6
9. O-O exd5 10. cxd5 Re8 11. h3 Bc8 12. e5 dxe5 13. fxe5 Nfd7 14. Bb5 Bxe5 15.
Nxe5 Rxe5 16. Bf4 Re8 17. d6 Qb6 18. Qa4 a6 19. Bc4 Kh8 20. Bxf7 Rf8 21. Bh6
c4+ 22. Kh1 Rd8 23. Bg5 Rf8 24. Rae1 Qxb2 25. Qxc4 {Hossa resigns} 1-0

[Event "ICS Rated blitz match"]
[Site "207.99.83.227"]
[Date "1999.03.26"]
[Round "?"]
[White "Hossa"]
[Black "rajah"]
[Result "0-1"]
[WhiteElo "2472"]
[BlackElo "2454"]
[Annotator "Crafty v16.6"]
[PlyCount "124"]

{annotating for player Hossa using a scoring margin of +0.10 pawns. search
time limit is 12.00} 1. e4 1... e6 2. Nf3 d5 3. exd5 exd5 4. d4 ({8:+0.10} 4.
d4 4... Nf6 5. Bb5+ c6 6. Bd3 Bb4+ 7. Bd2 Bxd2+ 8. Nbxd2 O-O 9. O-O 9... Bg4
$10) ({8:+0.98} 4. Bb5+ $16) 4... Nf6 5. Bg5 Be7 6. Bxf6 ({8:-0.43} 6. Bxf6
6... Bxf6 7. Nc3 O-O 8. Be2 Nc6 9. O-O Bg4 10. Re1 $15) ({8:-0.20} 6. Bd3 6...
O-O 7. O-O Bg4 8. Nbd2 Nc6 9. Nb3 9... Ne4 $10) 6... Bxf6 7. Be2 ({8:-0.56} 7.
Be2 7... O-O 8. O-O Bf5 9. Nc3 Nc6 10. Bd3 10... Bg4 $15) ({8:-0.38} 7. Bb5+
7... c6 8. Be2 Qb6 9. b3 Qb4+ 10. c3 Qd6 11. O-O 11... O-O $15) 7... O-O 8. O-O
Nc6 9. c3 Bf5 10. Nbd2 ({8:-0.70} 10. Nbd2 10... Qd6 11. Re1 Rae8 12. Bb5 Qf4
13. Bxc6 bxc6 14. Rc1 $15) ({8:-0.55} 10. Qd2 10... Re8 11. Bd3 Bg4 12. Qf4 Qd7
13. Ng5 Be2 14. Bxh7+ $15) 10... Qd6 11. Qb3 ({8:-0.81} 11. Qb3 11... Rab8 12.
Rae1 Rfe8 13. Bb5 Be7 14. Qd1 Qf4 15. Bxc6 15... bxc6 $17) ({8:-0.61} 11. Nb3
11... Rae8 12. Qd2 Bg4 13. Rfe1 b6 14. Ne5 Bxe2 15. Nxc6 $15) 11... Rfe8 12.
Rae1 Re6 13. Bd1 Rae8 14. Rxe6 Bxe6 15. Re1 b6 16. Qb5 Re7 17. Bc2 Bd7 18. Qd3
Rxe1+ 19. Nxe1 g6 20. Qf3 Bg5 21. Nf1 Na5 22. Nd3 Nc4 23. Bb3 Be6 24. Bxc4 dxc4
25. Nb4 a5 26. Nc6 Bd5 27. Qg4 Bc1 28. Ne5 f6 29. Nxg6 hxg6 30. Qxg6+ Kf8 31.
Qb1 Qf4 32. Ng3 c6 33. Qc2 Qd2 34. Qxd2 Bxd2 35. Ne2 Be4 36. h4 Bd3 37. Ng3 Bc1
38. b3 Bb2 39. Nh5 Bxc3 40. bxc4 Bxd4 41. c5 b5 42. g4 Be2 43. Kg2 Bxg4 44. Nf4
Bxc5 45. Kg3 Bf5 46. Kf3 Bd6 47. Ne2 Be6 48. h5 Kg8 49. a3 Bxa3 50. Nf4 b4 51.
Nxe6 b3 52. Kg4 b2 53. Nf4 b1=Q 54. Nh3 Qd1+ 55. f3 f5+ 56. Kg3 Qe1+ 57. Kg2
Qe2+ 58. Nf2 Bc5 59. f4 Qxf2+ 60. Kh3 Qf1+ 61. Kh4 Qg2 62. h6 Qg4# 0-1

[Event "ICS rated bullet match"]
[Site "207.99.83.227"]
[Date "1999.03.26"]
[Round "?"]
[White "TDChess"]
[Black "Hossa"]
[Result "1/2-1/2"]
[WhiteElo "2552"]
[BlackElo "2449"]
[PlyCount "88"]

1. Nf3 Nf6 2. d4 g6 3. c4 Bg7 4. Nc3 d5 5. Bf4 O-O 6. cxd5 Nxd5 7. Nxd5 Qxd5 8.
Bxc7 Bg4 9. Ne5 Na6 10. Nxg4 Nxc7 11. e3 f5 12. Ne5 Bxe5 13. dxe5 Qxe5 14. Bc4+
Kh8 15. Qb3 Qa5+ 16. Ke2 b5 17. Bd3 e5 18. a4 b4 19. e4 fxe4 20. Bxe4 Rab8 21.
Rac1 Rf4 22. f3 Rd8 23. Rc4 Rd4 24. Rhc1 Ne6 25. Rc8+ Nf8 26. R8c5 Qa6+ 27. Bd3
Qd6 28. Rc7 a5 29. R7c5 Qd8 30. Rxe5 Rh4 31. h3 Rd6 32. Rc2 Rhd4 33. Re3 R4d5
34. Rc1 Ne6 35. Kf2 Nc5 36. Rxc5 Rxc5 37. Qf7 Rc8 38. Re7 Qg8 39. Qf4 Qd5 40.
Qh6 Qg8 41. Qf4 Qd5 42. Qh6 Qg8 43. Qf4 Qd5 44. Qh6 44... Qg8 {
Game drawn by repetition} 1/2-1/2

[Event "ICS Rated bullet match"]
[Site "207.99.83.227"]
[Date "1999.03.26"]
[Round "?"]
[White "Hossa"]
[Black "jlong"]
[Result "1-0"]
[WhiteElo "2454"]
[BlackElo "2063"]
[PlyCount "115"]

1. e4 c5 2. Bc4 e6 3. Nc3 Nf6 4. Qe2 Nc6 5. Nf3 d6 6. Bb5 Bd7 7. O-O Be7 8. d3
O-O 9. Be3 d5 10. exd5 exd5 11. d4 Nxd4 12. Nxd4 cxd4 13. Bxd4 Re8 14. Bxd7
Qxd7 15. Qf3 Qc6 16. Rfe1 Kf8 17. Rad1 Rec8 18. Qf5 a6 19. Bxf6 Bxf6 20. Qxh7
g5 21. Nxd5 Re8 22. Qh6+ Bg7 23. Qxg5 Rxe1+ 24. Rxe1 Re8 25. Rxe8+ Qxe8 26. Qd2
Qa4 27. Nc3 Qd4 28. Qxd4 Bxd4 29. Nd1 Ke7 30. h4 f5 31. a4 Kd6 32. h5 Kd5 33.
c3 Bg7 34. Ne3+ Ke4 35. g4 fxg4 36. Nxg4 Kf4 37. h6 Bh8 38. Ne3 Kg5 39. a5 Kxh6
40. Nf5+ Kg5 41. Nd6 Be5 42. Nxb7 Kf4 43. Nc5 Bd6 44. Nxa6 Ke4 45. c4 Kd4 46.
c5 Bxc5 47. Nxc5 Kxc5 48. a6 Kc4 49. a7 Kd5 50. a8=Q+ Kd6 51. Qd5+ Ke7 52. Qe6+
Kf8 53. Qd7 Kg8 54. b4 Kf8 55. f4 Kg8 56. f5 Kf8 57. f6 Kg8 58. Qg7# {
jlong checkmated} 1-0

[Event "ICS Rated blitz match"]
[Site "207.99.83.227"]
[Date "1999.03.26"]
[Round "?"]
[White "Hossa"]
[Black "TDChess"]
[Result "0-1"]
[WhiteElo "2455"]
[BlackElo "2617"]
[Annotator "Crafty v16.6"]
[PlyCount "190"]

{annotating for player Hossa using a scoring margin of +0.10 pawns. search
time limit is 12.00} 1. e4 1... e6 2. Nf3 d5 3. exd5 exd5 4. Bb5+ c6 5. Be2 Nf6
6. O-O Bd6 7. d3 O-O 8. Bg5 h6 9. Bxf6 ({8:-0.26} 9. Bxf6 9... Qxf6 10. Nc3 Bf5
11. Re1 Nd7 12. Qd2 Rae8 13. Rad1 $10) ({8:+0.14} 9. Bh4 9... g5 10. Bg3 Bxg3
11. hxg3 Bg4 12. Nc3 Nbd7 13. Re1 $10) 9... Qxf6 10. c3 ({9:-0.45} 10. c3 10...
Bg4 11. Nbd2 Qf4 12. Qb3 b6 13. Qd1 Nd7 14. Re1 $15) ({9:-0.34} 10. Nc3 10...
Bf5 11. Qd2 Re8 12. Rad1 Nd7 13. Rfe1 Nc5 14. Rc1 $15) 10... Re8 11. Re1 Nd7
12. d4 ({8:-0.63} 12. d4 12... Nb6 13. Nbd2 Qf4 14. g3 Qg4 15. Ne5 15... Qh3
$15) ({8:-0.40} 12. Nbd2 12... Qf4 13. g3 Qf5 14. Bf1 Ne5 15. Nxe5 Bxe5 16. Qf3
$15) 12... Nb6 13. a4 Rb8 14. a5 Na8 15. Nbd2 Bf5 16. a6 b5 17. Nf1 Nc7 18. Bd3
Rxe1 19. Nxe1 Bc8 20. Qh5 g6 21. Qf3 Qg7 22. Ne3 f5 23. b4 Bxa6 24. Qh3 Kh7 25.
Nf3 Qf6 26. Qh4 Qxh4 27. Nxh4 Bf4 28. Nc2 Bd2 29. Nf3 Bxc3 30. Rb1 c5 31. dxc5
Ne6 32. Rb3 Bf6 33. Ra3 Nc7 34. h4 h5 35. Ra2 Rd8 36. Ra5 Kh6 37. Ncd4 Re8 38.
Nc6 Ra8 39. Ra2 Kg7 40. Re2 Bb7 41. Na5 Rb8 42. Ra2 a6 43. Bc2 Bc3 44. Nb3 Bxb4
45. Ne5 Re8 46. Nf3 Bc8 47. c6 Ne6 48. Bd3 Nf4 49. Bf1 Re7 50. Nbd4 Bd6 51. Ra1
Re8 52. g3 Ne6 53. Nxe6+ Rxe6 54. Ng5 Re5 55. Nf3 Re7 56. Rc1 f4 57. gxf4 Bxf4
58. Rc5 Bg4 59. Nd4 Re1 60. Kg2 Re5 61. Bd3 Bc8 62. Rc2 Re1 63. Ra2 Rd1 64. Ra3
b4 65. Rb3 a5 66. Nf3 Rc1 67. Nd4 Be5 68. Nf3 Bf6 69. Bb5 Bf5 70. Re3 Be4 71.
Kg3 Bxf3 72. Rxf3 Rc5 73. Ba4 Rc4 74. Rd3 Bxh4+ 75. Kh3 Bxf2 76. Rxd5 Bb6 77.
Bb5 Rc3+ 78. Kg2 b3 79. Rd7+ Kh6 80. Rd1 Be3 81. Rb1 Bc1 82. Ba4 b2 83. Kf2 h4
84. Ke2 h3 85. Kf2 h2 86. Kg2 Bf4 87. Rxb2 Rc1 88. Kf3 h1=Q+ 89. Kxf4 Rc4+ 90.
Kg3 Rc3+ 91. Kf4 Rd3 92. Rf2 Qh4+ 93. Ke5 Qe7+ 94. Kf4 Qd6+ 95. Ke4 Qd4# 0-1

[Event "ICS Rated blitz match"]
[Site "207.99.83.227"]
[Date "1999.03.26"]
[Round "?"]
[White "TDChess"]
[Black "Hossa"]
[Result "1-0"]
[WhiteElo "2626"]
[BlackElo "2446"]
[Annotator "Crafty v16.6"]
[PlyCount "70"]

{annotating for player Hossa using a scoring margin of +0.10 pawns. search
time limit is 12.00} 1. Nf3 1... g6 2. d4 Bg7 3. e4 d6 ({8:-0.59} 3... d6 4.
Bc4 Nc6 5. Nc3 f5 6. Bg5 fxe4 7. Nxe4 7... Nf6 $14) ({8:-0.39} 3... c5 4. dxc5
Qa5+ 5. c3 Qxc5 6. Be3 Qc6 7. Nbd2 7... Nf6 $14) 4. Nc3 Bd7 5. Bc4 Nc6 6. O-O
Nf6 7. a4 Bg4 8. a5 Bxf3 9. gxf3 O-O 10. a6 b6 ({8:-0.27} 10... b6 11. Bg5 Na5
12. Bd3 c5 13. d5 c4 14. Be2 $10) ({8:-0.12} 10... Rb8 11. axb7 Rxb7 12. f4 Nb4
13. e5 Ne8 14. Be3 Qd7 15. Qf3 $10) 11. Bb5 Nb4 12. d5 Rc8 13. Be2 e6 14. Ra4
c5 15. Nb5 exd5 16. c3 Nc6 17. exd5 Na5 18. b4 cxb4 19. cxb4 Nc4 20. Nxa7 b5
21. Ra2 Ra8 22. Nxb5 Nb6 23. Nc3 Rc8 24. Ra3 Re8 25. Be3 Re5 26. f4 Rf5 27. a7
Nbxd5 28. Nxd5 Rxd5 29. Qa4 Ra8 30. Bf3 Qc8 31. Rc1 Qb7 32. Qb3 Rd8 33. Bd4 Ne4
34. Bxe4 Rg5+ 35. fxg5 Qxe4 1-0

[Event "ICS Rated blitz match"]
[Site "207.99.83.227"]
[Date "1999.03.26"]
[Round "?"]
[White "Hossa"]
[Black "rajah"]
[Result "0-1"]
[WhiteElo "2424"]
[BlackElo "2485"]
[Annotator "Crafty v16.6"]
[PlyCount "79"]

{annotating for player Hossa using a scoring margin of +0.10 pawns. search
time limit is 12.00} 1. e4 1... e6 2. d4 d5 3. e5 ({7:-0.24} 3. e5 3... Bb4+ 4.
c3 Be7 5. Qg4 g6 6. Bb5+ Bd7 7. Qe2 $10) ({7:+0.05} 3. Nc3 3... dxe4 4. Nxe4
Qd5 5. Nc3 Bb4 6. Qd2 Qf5 7. Nf3 $10) 3... c5 4. c3 ({8:-0.23} 4. c3 4... Nc6
5. dxc5 Nxe5 6. Qd4 Nc6 7. Bb5 7... Nf6 $10) ({8:-0.09} 4. Nf3 4... Nc6 5. dxc5
Bxc5 6. Nc3 Nge7 7. Bd3 O-O 8. O-O $10) 4... Nc6 5. Nf3 Bd7 6. Be2 Nge7 7. O-O
cxd4 8. cxd4 Nf5 9. Be3 ({9:-0.77} 9. Be3 9... Nxe3 10. fxe3 Be7 11. Nc3 O-O
12. Rc1 Rc8 13. e4 dxe4 14. Nxe4 $17) ({9:+0.06} 9. Nc3 9... Bb4 10. Bf4 O-O
11. Bd3 Bxc3 12. bxc3 Rc8 13. Bxf5 exf5 14. Qd3 $10) 9... Be7 10. Nc3 ({9:-0.67
} 10. Nc3 10... Nxe3 11. fxe3 O-O 12. Rc1 Rc8 13. e4 dxe4 14. Nxe4 Nb4 15. Bc4
$15) ({9:-0.30} 10. Qd2 10... Nxe3 11. Qxe3 O-O 12. Nc3 Rc8 13. Rac1 Bb4 14.
Bd3 14... Qe7 $10) 10... O-O 11. Bd3 ({8:-0.71} 11. Bd3 11... Nxe3 12. fxe3 Rc8
13. Rc1 Bb4 14. a3 Be7 15. Qd2 $17) ({8:-0.15} 11. Bc1 11... Qb6 12. Na4 Qa5
13. Bd2 Qc7 14. Rc1 14... Rac8 $10) 11... Nxe3 12. fxe3 Rc8 13. Rc1 Qb6 14. Na4
({8:-0.70} 14. Na4 14... Qa5 15. Nc3 Nb4 16. a3 Nxd3 17. Qxd3 Qd8 18. e4 $15) (
{8:-0.55} 14. Qc2 14... Nb4 15. Bxh7+ Kh8 16. Qb1 g6 17. Bxg6 fxg6 18. Qxg6
18... Qd8 $15) 14... Qa5 15. Qb3 ({8:-2.13} 15. Qb3 15... Nb4 16. Rxc8 Rxc8 17.
Nc5 Bxc5 18. dxc5 Qxc5 19. Nd4 19... Rc7 $19) ({8:-0.65} 15. Nc3 15... Nb4 16.
a3 Nxd3 17. Qxd3 Qb6 18. b4 Qd8 19. e4 $15) 15... Nb4 16. Bxh7+ Kxh7 17. Rxc8
Rxc8 18. Nc3 Bb5 19. Nxb5 Qxb5 20. h3 Rc2 21. Ne1 Rc1 22. a3 Bh4 23. g3 Bxg3
24. e4 Bxe1 25. Qf3 Bf2+ 26. Qxf2 Rxf1+ 27. Qxf1 Qxf1+ 28. Kxf1 Nc2 29. exd5
exd5 30. Ke2 Nxd4+ 31. Ke3 Nc6 32. Kf4 Kh6 33. Kf5 Kh5 34. e6 fxe6+ 35. Kxe6 d4
36. Kd7 d3 37. Kc7 d2 38. Kxb7 Nd8+ 39. Kxa7 d1=Q 40. Kb6 0-1

[Event "ICS Rated blitz match"]
[Site "207.99.83.227"]
[Date "1999.03.26"]
[Round "?"]
[White "rajah"]
[Black "Hossa"]
[Result "0-1"]
[WhiteElo "2498"]
[BlackElo "2411"]
[PlyCount "142"]

1. e4 e5 2. Nf3 Nc6 3. Bb5 a6 4. Bxc6 dxc6 5. O-O Bg4 6. h3 Bxf3 7. Qxf3 Qf6 8.
Qg3 O-O-O 9. d3 Be7 10. Nd2 Bd6 11. Nc4 Qg6 12. Qxg6 hxg6 13. f4 Bc5+ 14. Kh1
exf4 15. Bxf4 Rd7 16. c3 Re7 17. b4 Ba7 18. e5 Rh5 19. Rf3 Re8 20. Bd2 f6 21.
Re1 Re6 22. g4 Rh8 23. exf6 Rxe1+ 24. Bxe1 gxf6 25. d4 b5 26. Ne3 Bb6 27. h4
Kd7 28. a3 Ke6 29. Rf4 Kf7 30. Rf1 Ne7 31. Bg3 Rh7 32. Rf3 Nd5 33. Be1 a5 34.
Ng2 a4 35. Rh3 Kg7 36. h5 f5 37. gxf5 Rxh5 38. Rxh5 gxh5 39. Nh4 Kf6 40. Bd2
Ne7 41. Bc1 Nxf5 42. Nf3 Ng3+ 43. Kg2 Ne2 44. Bd2 Kf5 45. Kf2 Nf4 46. Ne5 Ke4
47. Bxf4 Kxf4 48. Nxc6 Kg4 49. Kg2 Kf5 50. Kh3 Ke4 51. Ne5 c5 52. dxc5 Bxc5 53.
bxc5 Kxe5 54. c6 Kd6 55. c7 Kxc7 56. Kh4 Kd6 57. Kh3 Kc5 58. Kh4 Kc4 59. Kg5
Kxc3 60. Kf4 b4 61. axb4 Kxb4 62. Ke3 a3 63. Kd4 a2 64. Kd5 a1=Q 65. Ke4 Qa5
66. Kf3 Kc4 67. Kf4 Kd3 68. Kg3 Ke3 69. Kg2 Qe1 70. Kh3 Qg1 71. Kh4 71... Qg4#
{rajah checkmated} 0-1

[Event "ICS Rated blitz match"]
[Site "207.99.83.227"]
[Date "1999.03.26"]
[Round "?"]
[White "Hossa"]
[Black "TDChess"]
[Result "0-1"]
[WhiteElo "2431"]
[BlackElo "2670"]
[Annotator "Crafty v16.6"]
[PlyCount "142"]

{annotating for player Hossa using a scoring margin of +0.10 pawns. search
time limit is 12.00} 1. e4 1... e6 2. d4 d5 3. Nd2 ({7:-0.09} 3. Nd2 3... Nc6
4. Bb5 Qg5 5. Qf3 Bb4 6. Ne2 $10) ({7:+0.05} 3. Nc3 3... dxe4 4. Nxe4 Qd5 5.
Nc3 Bb4 6. Qd2 Qf5 7. Nf3 $10) 3... f5 4. e5 ({7:-0.21} 4. e5 4... Nc6 5. Ngf3
Nh6 6. c3 Ng4 7. Bb5 $10) ({7:+0.36} 4. exf5 4... exf5 5. Ngf3 Bb4 6. Bb5+ c6
7. Bd3 Qe7+ 8. Ne5 8... Nf6 $14) 4... Nh6 5. Ngf3 Be7 6. Bd3 ({8:-0.14} 6. Bd3
6... Nc6 7. Nb3 Nf7 8. Bf4 g5 9. Be3 9... Bd7 $10) ({8:+0.08} 6. c4 6... Nc6 7.
cxd5 Qxd5 8. Bc4 Qd7 9. Bb5 a6 10. Ba4 $10) 6... O-O 7. Nb3 Ng4 8. h3 Nh6 9.
Bxh6 gxh6 10. O-O ({9:+0.18} 10. O-O 10... c6 11. c4 Nd7 12. cxd5 cxd5 13. Rc1
Bb4 14. Qe2 14... Qe7 $10) ({9:+0.62} 10. Qd2 10... Bg5 11. Nxg5 hxg5 12. f4 h6
13. fxg5 Qxg5 14. O-O-O Qxd2+ 15. Rxd2 Nc6 16. Rf1 $14) 10... Nc6 11. Qc1 ({
9:-0.12} 11. Qc1 11... Bg5 12. Qd1 Nb4 13. g4 fxg4 14. Nxg5 hxg5 15. hxg4 15...
Rf4 $10) ({9:+0.27} 11. c4 11... h5 12. cxd5 Qxd5 13. Qe2 h4 14. Bc4 Qe4 15.
Qxe4 fxe4 16. Nfd2 $10) 11... f4 12. c3 Bd7 13. Kh1 ({9:+0.11} 13. Kh1 13... a5
14. Qc2 Rf7 15. Qe2 b6 16. Kg1 a4 17. Nbd2 $10) ({9:+0.30} 13. Qc2 13... Rf7
14. Nc5 Bc8 15. Bb5 Qe8 16. Qd3 a6 17. Bxc6 17... Qxc6 $10) 13... Qe8 14. Qc2
Qf7 15. Rg1 ({8:+0.00} 15. Rg1 15... Rad8 16. Nc5 Bc8 17. Bb5 Qf5 18. Qxf5 Rxf5
19. Bxc6 19... bxc6 $10) ({8:+0.14} 15. Qe2 15... Rad8 16. Nc5 Bc8 17. Bb5 Na5
18. b4 18... b6 $10) 15... Qg7 16. Raf1 Be8 17. Qe2 Bg6 18. Bb5 Nd8 19. Qe1 h5
20. Nbd2 Nc6 21. Qd1 Be8 22. Qb3 Kh8 23. Bd3 Na5 24. Qd1 Rc8 25. b4 Nc6 26. Nb3
Bg6 27. Bb5 Nd8 28. Nfd2 Qf7 29. Nc1 Ra8 30. Qf3 a5 31. bxa5 Rxa5 32. Bd7 c6
33. Re1 Ba3 34. Ncb3 Ra8 35. Bxe6 Nxe6 36. Qe2 Bb2 37. Nf3 Bxc3 38. Rc1 Bb4 39.
Rcd1 Qe7 40. Rc1 Nc7 41. h4 Nb5 42. Ra1 Bc3 43. Rad1 Ra7 44. Rgf1 Rfa8 45. e6
Qg7 46. Qe5 Qxe5 47. dxe5 Rxa2 48. Nc1 R2a4 49. Ne2 Re8 50. Nxc3 Nxc3 51. Rc1
Bd3 52. Rfe1 Ne4 53. Kg1 Ra2 54. Ra1 Rxa1 55. Rxa1 Rxe6 56. Ra7 Nc5 57. Ng5 Re8
58. Kh2 Ba6 59. g3 fxg3+ 60. Kxg3 h6 61. Nf3 Nd3 62. Nd4 Rg8+ 63. Kh2 Nxe5 64.
f3 c5 65. f4 cxd4 66. fxe5 d3 67. Rxa6 bxa6 68. e6 d2 69. e7 d1=Q 70. e8=Q Qg1+
71. Kh3 Qg2# 0-1

[Event "ICS rated bullet match"]
[Site "207.99.83.227"]
[Date "1999.03.26"]
[Round "?"]
[White "Hossa"]
[Black "TDChess"]
[Result "0-1"]
[WhiteElo "2457"]
[BlackElo "2547"]
[Annotator "Crafty v16.6"]
[PlyCount "84"]

{annotating for player Hossa using a scoring margin of +0.10 pawns. search
time limit is 12.00} 1. e4 1... e6 2. d4 d5 3. Nc3 Bb4 4. Qd3 ({7:-0.75} 4. Qd3
4... dxe4 5. Qxe4 Nf6 6. Qe5 Nbd7 7. Bb5 7... O-O $17) ({7:+0.05} 4. Qg4 4...
g6 5. exd5 Nf6 6. Qg5 Nxd5 7. Nge2 Nxc3 8. Qxd8+ Kxd8 9. Nxc3 $10) 4... dxe4 5.
Qxe4 Nf6 6. Qe3 ({8:-0.82} 6. Qe3 6... Nc6 7. Nf3 O-O 8. Bb5 Nd5 9. Qd3 Nxc3
10. Bxc6 $17) ({8:-0.57} 6. Qd3 6... O-O 7. Bg5 c5 8. a3 Bxc3+ 9. bxc3 cxd4 10.
cxd4 Qa5+ 11. Bd2 11... Qd5 $15) 6... O-O 7. Nge2 Nc6 8. Bd2 Re8 9. O-O-O e5
10. dxe5 Rxe5 11. Qg3 Bd7 12. Bg5 Be7 13. Nf4 ({8:-0.49} 13. Nf4 13... Nh5 14.
Bxe7 Nxg3 15. Bxd8 Nxh1 16. Bxc7 16... Re7 $15) ({8:-0.02} 13. f4 13... Re6 14.
Kb1 Qe8 15. Bh6 Nh5 16. Qg4 16... Rd8 $10) 13... Nh5 14. Nxh5 Rxg5 15. Qf3 ({
8:-1.14} 15. Qf3 15... Bd6 16. h3 Rf5 17. Qg4 g6 18. Ng3 18... Rxf2 $17) ({
8:-0.79} 15. Qd3 15... Bg4 16. Qxd8+ Nxd8 17. Re1 Nc6 18. Ng3 Bb4 19. Nge4
19... Re8 $17) 15... Bd6 16. h3 Rf5 17. Qg4 g6 18. Ne4 Ne5 19. Nhf6+ Rxf6 20.
Nxf6+ Qxf6 21. Qd4 Qf5 22. Qe3 Nc4 23. Qe2 Bb5 24. Qe1 Re8 25. Qc3 Be5 26. Qb4
a5 27. Bxc4 axb4 28. Bxb5 Bf4+ 29. Kb1 Qxb5 30. g3 Bd6 31. f4 Ra8 32. Rd3 Qa4
33. a3 bxa3 34. bxa3 Bxa3 35. Rhd1 Bf8 36. Kc1 Qb4 37. c3 Ra1+ 38. Kd2 Ra2+ 39.
Ke3 Qe7+ 40. Kd4 Qc5+ 41. Ke4 f5+ 42. Kf3 Rf2# 0-1

[Event "ICS Rated blitz match"]
[Site "207.99.83.227"]
[Date "1999.03.26"]
[Round "?"]
[White "rajah"]
[Black "Hossa"]
[Result "1-0"]
[WhiteElo "2478"]
[BlackElo "2425"]
[Annotator "Crafty v16.6"]
[PlyCount "119"]

{annotating for player Hossa using a scoring margin of +0.10 pawns. search
time limit is 12.00} 1. e4 1... e5 2. Nc3 Nf6 3. Nf3 Bb4 4. Bc4 d6 ({9:-0.46} 
4... d6 5. O-O O-O 6. d3 Bg4 7. Bg5 Bc5 8. Nd5 8... Nbd7 $14) ({9:-0.34} 4...
Nc6 5. O-O O-O 6. Qe2 Bc5 7. d3 Ng4 8. Nd5 8... Re8 $14) 5. Nd5 Nxd5 6. Bxd5 c6
7. Bc4 Bg4 ({8:-0.33} 7... Bg4 8. a3 Ba5 9. b4 Bb6 10. O-O O-O 11. Bb2 $14) ({
8:-0.09} 7... d5 8. c3 dxc4 9. cxb4 Qd3 10. Qe2 Nd7 11. Qxd3 11... cxd3 $10) 8.
c3 Bc5 9. b4 Bb6 10. O-O Nd7 ({8:-0.17} 10... Nd7 11. h3 Bh5 12. d3 O-O 13. Bg5
Nf6 14. Qe2 $10) ({8:+0.09} 10... O-O 11. Qe2 Nd7 12. h3 Bh5 13. Ba3 Qf6 14.
Rae1 Bxf3 15. Qxf3 Qxf3 16. gxf3 $10) 11. h3 Bxf3 ({8:-0.46} 11... Bxf3 12.
Qxf3 O-O 13. d3 a5 14. Qf5 axb4 15. cxb4 Bd4 16. Bg5 $14) ({8:+0.10} 11... Bh5
12. d3 O-O 13. Bb3 a5 14. bxa5 Rxa5 15. c4 15... Bd4 $10) 12. Qxf3 O-O 13. d3
Nb8 ({9:-0.69} 13... Nb8 14. Rb1 Qd7 15. Bb3 a5 16. bxa5 Bxa5 17. c4 b5 18. Bg5
bxc4 19. Bxc4 $14) ({9:-0.49} 13... a5 14. b5 Rc8 15. bxc6 Rxc6 16. Rb1 Nf6 17.
Bg5 h6 18. Bh4 $14) 14. Qg4 Qd7 ({9:-0.65} 14... Qd7 15. Qg3 Kh8 16. Bb3 c5 17.
bxc5 Bxc5 18. c4 b5 19. Qg5 bxc4 20. Bxc4 $14) ({9:-0.40} 14... d5 15. Bb3 Qd6
16. a3 Nd7 17. Rd1 a5 18. Bg5 axb4 19. axb4 $14) 15. Qg3 Bd8 16. d4 exd4 17.
cxd4 Qe7 18. Bh6 Qf6 19. Be3 Re8 20. Qg4 b5 21. Bb3 a5 22. Qc8 Qe7 23. bxa5
Bxa5 24. Qf5 Ra7 25. f3 Bc3 26. Rac1 b4 27. Rfd1 Nd7 28. Bg5 Qf8 29. Be3 Nb6
30. Bf4 Na4 31. Bxa4 Rxa4 32. Qd7 Rd8 33. Qxc6 Rxa2 34. Qd5 Re2 35. Qc4 Rb2 36.
Qd5 Re2 37. Rb1 Rb2 38. Ra1 Rc2 39. Ra6 Qe8 40. Rxd6 Ra8 41. g4 Re2 42. Qc4
Raa2 43. Qc7 Ra8 44. d5 Bd4+ 45. Rxd4 Ra1+ 46. Bc1 Raa2 47. Rd2 Rexd2 48. Bxd2
Qf8 49. Rd8 Ra1+ 50. Kf2 Ra8 51. Rxf8+ Rxf8 52. Bxb4 Ra8 53. d6 h6 54. d7 Kh7
55. d8=Q Rxd8 56. Qxd8 h5 57. Bf8 Kh8 58. Qg5 g6 59. Qf6+ Kh7 60. Qg7# 1-0